Enzymes in food processing
Сохранить в:
| Главные авторы: | , |
|---|---|
| Формат: | |
| Язык: | английский |
| Опубликовано: |
Londres
Blackie Academic and Professional
1995
|
| Редактирование: | 2a. ed |
| Предметы: | |
| Метки: |
Добавить метку
Нет меток, Требуется 1-ая метка записи!
|
MARC
| LEADER | 00000nam a2200000 a 4500 | ||
|---|---|---|---|
| 001 | UCP6680 | ||
| 003 | CL-VaPUC | ||
| 008 | 991112e19950000UK |||||||||||||||||eng|d | ||
| 082 | 0 | 4 | |a 660.634 |b TUC |2 21 |
| 100 | 0 | |a Tucker, G. A |e author |9 435909 | |
| 700 | 0 | |a Woods, L. F. J |e author |9 435910 | |
| 245 | 1 | 0 | |a Enzymes in food processing |
| 250 | |a 2a. ed | ||
| 300 | |a 319 p | ||
| 942 | |c BK | ||
| 945 | |d 19991112 00:00:00 |a rbrito | ||
| 260 | |a Londres |b Blackie Academic and Professional |c 1995 | ||
| 650 | 0 | |a Enzimas |9 262984 | |
| 650 | 0 | |a Industria alimentaria |9 331702 | |
| 650 | 7 | |a TECNOLOGIA DE ALIMENTOS |2 CL-VaPUC |9 435911 | |
| 583 | |a last modification |c 20160920 01:51:53 |k Rodrigo Vera | ||
| 999 | |c 284150 |d 284148 | ||
| 952 | |0 0 |1 0 |4 0 |6 660_634000000000000_TUC_1995 |7 0 |8 A |9 327920 |a BIBING |b BIBING |d 2019-11-20 |i 357539K |o 660.634 TUC 1995 |p 357539K |r 2025-01-20 |w 2019-11-20 |y BK |k EIB | ||
| 952 | |0 0 |1 0 |4 0 |6 660_634000000000000_TUC_1995 |7 0 |8 A |9 327921 |a BIBING |b BIBING |d 2019-11-20 |i 3575403 |o 660.634 TUC 1995 |p 3575403 |r 2025-01-20 |w 2019-11-20 |y BK |k EIB | ||